FIFA World Cup: All-time records - Statistics

General Stats
  • This quiz has been taken 56 times
  • The average score is 15 of 30
Answer Stats
Hint Answer % Correct
Most Wins Brazil
100%
Most Wins Pelé
92%
Most Goals Brazil
84%
Most Participations Cristiano Ronaldo
82%
Most Assists Lionel Messi
82%
Most Participations Lionel Messi
80%
Most Goals Miroslav Klose
78%
Most Participations Gianluigi Buffon
76%
Most finals lost Netherlands
67%
Most Hat-Tricks Miroslav Klose
65%
Most Assists Pelé
61%
Fewest Goals Conceded by a Champion France
59%
Most finals lost Germany
59%
Most Times Hosting Mexico
53%
Most Participations Guillermo Ochoa
51%
Most Participations Lothar Matthäus
51%
Most Goals in a Single World Cup Just Fontaine
47%
Youngest Goalscorer Pelé
39%
Most Yellow Cards Argentina
35%
Most Goals Hungary
35%
Most Matches Played Lionel Messi
35%
Most Red Cards Brazil
33%
Fastest Goal Hakan Şükür
31%
Most Participations Rafael Márquez
29%
Oldest Goalscorer Roger Milla
25%
Biggest defeat El Salvador
24%
Most World Cup Matches Lost Mexico
20%
Most Participations Andrés Guardado
4%
Most Goals conceded in World Cup South Korea
4%
Most Participations Antonio Carbajal
0%
No matching quizzes found
Score Distribution
Percent of People with Each Score
Percentile by Number Answered
Your Score History
You have not taken this quiz